Vývoj a testovanie technológií na zabezpečenie trvalej udržateľnosti významných trávnatých plôch

Podrobná bibliografia
Hlavní autori: Sitášová, Eva (Author), Fulín, Miroslav (Author)
Médium: Článok
Jazyk:Slovak
Témy:
ISBN: 9788089093274
Zdroj: 1. Natura Carpatica: zborník Východoslovenského múzea v Košiciach 1. Košice : Východoslovenské múzeum, 2010 1. S. 75-86 1. 9788089093274
LEADER 01112nab#a2200361#ar4500
001 000108511
003 SVKKK
005 20120703121739.0
008 120703c2010 xo |||||||||||||||b|slo
FMT
015 |a SNBRB2012/07 
038 |a SVKKK 
040 |a SVKKK  |b slo  |e AACR2 
041 0 |a slo  |b eng 
044 |a xo  |c SK 
080 |a 504  |2 1997 
090 |a IV.212641 
100 1 |a Sitášová, Eva  |4 aut 
245 1 0 |a Vývoj a testovanie technológií na zabezpečenie trvalej udržateľnosti významných trávnatých plôch  |c Eva Sitášová, Miroslav Fulín 
546 |a Res. angl. 
650 0 4 |a trávnaté plochy 
650 0 4 |a technológie  |x vývoj  |x testovanie 
650 0 4 |a monitoring spoločenstiev 
650 0 4 |a ekológia 
700 1 |a Fulín, Miroslav  |4 aut 
773 0 |t Natura Carpatica: zborník Východoslovenského múzea v Košiciach  |d Košice : Východoslovenské múzeum, 2010  |g S. 75-86  |z 9788089093274 
974 |a Va 
992 |a RZB 
BAS
852 |a SVKKK  |b BIB 
856 4 1 |a http://www.vsmuzeum.sk/muzeum/zborniky,-odborna-publikacna-cinnost 
EXP
998 |a GEO